| 000 | 00356nam a22001457a 4500 | ||
|---|---|---|---|
| 008 | 250311b |||||||| |||| 00| 0 eng d | ||
| 020 | _a9783527320936 | ||
| 050 |
_aQD262 _b.A79 |
||
| 100 | _aChristmann Mathias | ||
| 245 | _aAsymmetric Synthesis,The Essentials | ||
| 250 | _a2nd | ||
| 260 |
_aWeinheim _bWiley-VCH _c2008 |
||
| 300 | _aXL,355P | ||
| 942 | _cBK | ||
| 999 |
_c2220 _d2220 |
||